书目信息 |
| 题名: |
苦界
|
|
| 作者: | 洪峰 著 | |
| 分册: | ||
| 出版信息: | 沈阳 春风文艺出版社 1993.11 |
|
| 页数: | 380页 | |
| 开本: | 32开 | |
| 丛书名: | ||
| 单 册: | ||
| 中图分类: | I247.57 | |
| 科图分类: | ||
| 主题词: | 小说--中国 | |
| 电子资源: | ||
| ISBN: | 7-5313-0249-7 | |
| 000 | 00504nam0 2200193 45 | |
| 001 | 0011231192 | |
| 005 | 20001123112355.7 | |
| 010 | @a7-5313-0249-7@d9.60元 | |
| 100 | @a20001123d1993 km y0chiy0120 ea | |
| 101 | 0 | @achi |
| 105 | @a z 000yy | |
| 200 | 1 | @a苦界@AKu Jie@f洪峰著@FHong Feng Zhu |
| 210 | @a沈阳@c春风文艺出版社@d1993.11 | |
| 215 | @a380页@d32开 | |
| 606 | 0 | @a小说@x中国 |
| 690 | @aI247.57@v3 | |
| 701 | 0 | @a洪峰@4著 |
| 801 | @aCN@bPftUser@c20001123 | |
| 905 | @b502097@dI247.57@eH.268@f1 | |
| 苦界/洪峰著.-沈阳:春风文艺出版社,1993.11 |
| 380页;32开 |
| ISBN 7-5313-0249-7:9.60元 |
| ● |
| 相关链接 |
|
|
|
正题名:苦界
索取号:I247.57/H.268
 
预约/预借
| 序号 | 登录号 | 条形码 | 馆藏地/架位号 | 状态 | 备注 |
| 1 | 502097 | 205020975 | 社科二线400B/400B社科库 21排1列1层/ [索取号:I247.57/H.268] | 在馆 |